Introduction to artifical Intelligence (Record no. 5471)
[ view plain ]
| 000 -LEADER | |
|---|---|
| fixed length control field | 00496nam a2200157Ia 4500 |
| 003 - CONTROL NUMBER IDENTIFIER | |
| control field | SGT |
| 020 ## - INTERNATIONAL STANDARD BOOK NUMBER | |
| International Standard Book Number | 9789350141243 |
| 082 ## - DEWEY DECIMAL CLASSIFICATION NUMBER | |
| Classification number | 1.535 |
| Item number | GOS |
| 100 ## - MAIN ENTRY--PERSONAL NAME | |
| Personal name | Goswami,Gunjan |
| 245 ## - TITLE STATEMENT | |
| Title | Introduction to artifical Intelligence |
| 260 ## - PUBLICATION, DISTRIBUTION, ETC. (IMPRINT) | |
| Name of publisher, distributor, etc | S.K. Kataria & SONS |
| Place of publication, distribution, etc | N.Delhi |
| Year of Publication | 2012 |
| 300 ## - PAGE DESCRIPTION | |
| No. of Pages | 380p. |
| 650 ## - SUBJECT ADDED ENTRY--TOPICAL TERM | |
| Topical term or geographic name as entry element | COMPUTER SCIENCE |
| 653 ## - KEYWORDS--INDEX TERM | |
| Keyword term | INTRODUCTION TO ARTIFICIAL INTELLIGENCE, PROBLEM SPACES AND SEARCH, HEURISTIC SEARCH TECHNIQUES, GAME PLAYING, USING PREDICATE KNOWLEDGE |
| 942 ## - ADDED ENTRY ELEMENTS (KOHA) | |
| Source of classification or shelving scheme | Dewey Decimal Classification |
| Koha item type | Books |
| Withdrawn status | Lost status | Source of classification or shelving scheme | Damaged status | Use restrictions | Not for loan | Collection code | Home library | Current library | Shelving location | Date acquired | SGTU | Full call number | Accession No. (Barcode) | Date last seen | Bill Date | Koha item type |
|---|---|---|---|---|---|---|---|---|---|---|---|---|---|---|---|---|
| Dewey Decimal Classification | Restricted Access | Not For Loan | ENGINEERING | SGT Engineering Library | SGT Engineering Library | Reference Book | 06/11/2012 | SGTU | 1.535 GOS | FE5306 | 09/02/2015 | 09/02/2015 | Books |